00589nam a22001817a 450000500170000000800410001702000150005804000180007305000170009110000200010824500840012825000120021226000330022430000480025750400510030565000290035670000220038520230809083238.0230809b |||||||| |||| 00| 0 eng d a071672250X aDLCcKMUdKMU00aQA276.12 Moo1 aMoore, David S.10aIntroduction to the practice of statistics /cDavid S. Moore, George P. McCabe. a2nd ed. aNew York :bFreeman,cc1993. axxiii, 854 p. :bill. (some col.) ;c24 cm. aIncludes bibliographical references and index. 0aMathematical statistics.1 aMcCabe, George P.